000 00490nam a2200181Ia 4500
005 20250508151546.0
008 008 250505s9999 xx 000 0 eng d
037 _aTextual
040 _aFEDL
_beng
_cFEDL
041 _aeng
_2eng
084 _a891.441, TAG
_qFEDL
100 _aTagore Rabindranath
245 0 _aCrescent moon
260 _aLondon, UK
_bMacmillan and Co Limited
_c1951
300 _axii,82p
942 _cTEXL
_h891.441, TAG
999 _c1330613
_d1330613